[Event "Tata Steel Tienkampen 2023"]
[Site "Wijk aan Zee"]
[Date "2023.01.25"]
[Round "6.4"]
[White "Pham, Khoi"]
[Black "Beukema, Stefan"]
[Result "0-1"]
[WhiteElo "2353"]
[BlackElo "2411"]
[Annotator "TA"]
[PlyCount "82"]
[EventDate "2023.01.20"]
[EventType "swiss"]
[EventCountry "NED"]
[SourceTitle "playchess.com"]
[Source "ChessBase"]
[SourceQuality "1"]

1. e4 e5 2. Nf3 Nc6 3. Bb5 a6 4. Ba4 Nf6 5. O-O Be7 6. Re1 b5 7. Bb3 d6 8. c3 O-O 9. h3 Na5 10. Bc2 c5 11. d4 Qc7 12. d5 Bd7 13. b3 Ne8 14. a4 bxa4 15. bxa4 g6 16. Bh6 Ng7 17. Nfd2 Rab8 18. Na3 c4 19. Qe2 Rb2 20. Reb1 Rfb8 21. Rxb2 Rxb2 22. Bd1 Bh4 23. Be3 f5 24. Naxc4 Nxc4 25. Qxc4 Qd8 26. Nf3 f4 27. Bd2 Qb6 28. Qf1 Bd8 29. Be2 a5 30. Qd1 Ne8 31. Bd3 Nf6 32. Bc2 Qa7 33. Bc1 Nxe4 34. Nd4 Nxc3 35. Qd3 Rb4 36. Nc6 Bxc6 37. dxc6 Bh4 38. Qf3 e4 39. c7 exf3 40. c8=Q+ Kf7 41. Be3 Ne2+ 0-1

[Event "84th Tata Steel Masters 2022"]
[Site "Wijk aan Zee"]
[Date "2022.01.21"]
[Round "6.5"]
[White "Caruana, Fabiano"]
[Black "Giri, Anish"]
[Result "0-1"]
[WhiteElo "2792"]
[BlackElo "2772"]
[Annotator "TA"]
[PlyCount "102"]
[EventDate "2022.01.15"]
[EventType "tourn"]
[EventCountry "NED"]
[SourceTitle "playchess.com"]
[Source "ChessBase"]
[SourceQuality "1"]

1. Nf3 d5 2. b3 Bf5 3. Bb2 e6 4. g3 h6 5. Bg2 Nf6 6. O-O Be7 7. d3 O-O 8. Nbd2 a5 9. a3 c6 10. Re1 Bh7 11. e4 Nbd7 12. Qe2 Qb6 13. a4 Rfc8 14. Rac1 Bc5 15. e5 Ne8 16. Nf1 Qd8 17. Ne3 Nc7 18. Kh1 b5 19. Nd4 bxa4 20. bxa4 Nb6 21. Ra1 Na6 22. Nb3 Be7 23. f4 Qd7 24. f5 exf5 25. Qf3 Nc5 26. Nxc5 Bxc5 27. d4 Be7 28. Bh3 g6 29. g4 f4 30. g5 Qa7 31. Bxc8 fxe3 32. e6 Bxg5 33. Bd7 fxe6 34. Bxe6+ Kh8 35. Ba3 Nc4 36. Bc5 Qg7 37. Qg4 Bf6 38. Rab1 g5 39. Bf5 Re8 40. Rb6 Nxb6 41. Bxb6 Bxf5 42. Qxf5 Bxd4 43. Bxa5 Bc3 44. Bxc3 Qxc3 45. Kg2 Qd2+ 46. Kf1 Kg7 47. Qd7+ Kf6 48. Qd6+ Kf5 49. Qd7+ Re6 50. Qh7+ Kg4 51. Qf7 Re4 0-1

[Event "83rd Tata Steel Masters 2021"]
[Site "Wijk aan Zee"]
[Date "2021.01.22"]
[Round "6.5"]
[White "Harikrishna, Pentala"]
[Black "Wojtaszek, Radoslaw"]
[Result "1/2-1/2"]
[WhiteElo "2732"]
[BlackElo "2705"]
[Annotator "TA"]
[PlyCount "85"]
[EventDate "2021.01.16"]
[EventType "tourn"]
[EventCountry "NED"]
[SourceTitle "playchess.com"]
[Source "ChessBase"]
[SourceQuality "1"]

1. d4 Nf6 2. c4 e6 3. Nf3 d5 4. Nc3 Bb4 5. cxd5 exd5 6. Bg5 h6 7. Bh4 O-O 8. e3 Bf5 9. Be2 Nbd7 10. Qb3 Qe7 11. O-O c6 12. a3 Bxc3 13. Bxf6 Nxf6 14. bxc3 b5 15. a4 a6 16. Qa3 Qb7 17. Ra2 Rfc8 18. Ne5 Rab8 19. Rb2 Nd7 20. Nxd7 Qxd7 21. h3 Qd8 22. Ra1 Qf8 23. Qxf8+ Kxf8 24. axb5 axb5 25. Ra7 Ra8 26. Rba2 Rxa7 27. Rxa7 Rb8 28. g4 Be6 29. Bd3 b4 30. cxb4 Rxb4 31. Rc7 Rb6 32. Bf5 Bxf5 33. gxf5 Rb1+ 34. Kg2 Rc1 35. Kg3 h5 36. Kf4 f6 37. f3 Rc4 38. h4 Rc3 39. e4 dxe4 40. fxe4 Rd3 41. Rc8+ Kf7 42. Rc7+ Kf8 43. Rc8+ 1/2-1/2

[Event "82nd Tata Steel Masters 2020"]
[Site "Wijk aan Zee"]
[Date "2020.01.17"]
[Round "6.5"]
[White "Yu, Yangyi"]
[Black "Firouzja, Alireza"]
[Result "1/2-1/2"]
[WhiteElo "2726"]
[BlackElo "2723"]
[Annotator "TA"]
[PlyCount "71"]
[EventDate "2020.01.11"]
[EventType "tourn"]
[EventCountry "NED"]
[SourceTitle "playchess.com"]
[Source "ChessBase"]
[SourceQuality "1"]

1. e4 c5 2. Nf3 d6 3. d4 cxd4 4. Nxd4 Nf6 5. Nc3 a6 6. Be3 e5 7. Nf3 Qc7 8. a4 Be7 9. Be2 O-O 10. O-O Be6 11. a5 h6 12. Nd5 Nxd5 13. exd5 Bf5 14. c4 Nd7 15. b4 Rac8 16. Rc1 Qd8 17. Nd2 Nf6 18. Qb3 Qd7 19. Rfd1 Ng4 20. Bxg4 Bxg4 21. f3 Bf5 22. c5 Qb5 23. Qc4 Bd3 24. Qxb5 Bxb5 25. Ne4 Rfd8 26. cxd6 Rxc1 27. Rxc1 Bxd6 28. Bb6 Rd7 29. Rc8+ Kh7 30. Bc5 Bc7 31. Kf2 f5 32. Nc3 Bc4 33. d6 Bd8 34. Na4 Bb5 35. Nb6 Bxb6 36. axb6 1/2-1/2

[Event "85th Tata Steel Masters 2023"]
[Site "Wijk aan Zee"]
[Date "2023.01.20"]
[Round "6.5"]
[White "Van Foreest, Jorden"]
[Black "Carlsen, Magnus"]
[Result "1/2-1/2"]
[WhiteElo "2681"]
[BlackElo "2859"]
[Annotator "TA"]
[PlyCount "107"]
[EventDate "2023.01.10"]
[EventType "tourn"]
[EventCountry "NED"]
[SourceTitle "playchess.com"]
[Source "ChessBase"]
[SourceQuality "1"]

1. e4 c5 2. Nf3 e6 3. d4 cxd4 4. Nxd4 Nc6 5. Nc3 Qc7 6. Be2 a6 7. Nxc6 Qxc6 8. Be3 b5 9. Bf3 Bb7 10. Qd4 Qd6 11. Qxd6 Bxd6 12. O-O-O Be5 13. Bd4 d6 14. Be2 Nf6 15. f3 Ke7 16. a3 g5 17. Kb1 Rhg8 18. a4 b4 19. Na2 Bxd4 20. Rxd4 a5 21. c3 bxc3 22. Nxc3 d5 23. exd5 Nxd5 24. Nxd5+ Bxd5 25. Rc1 Kf6 26. Bc4 Bb7 27. b4 axb4 28. Bb3 Ra5 29. Rxb4 Ba8 30. Kb2 h5 31. h3 Re5 32. Rc2 h4 33. Rb5 Rd8 34. Rxe5 Kxe5 35. a5 Kf4 36. Rc7 Bd5 37. Rxf7+ Kg3 38. Bxd5 Rxd5 39. a6 Kxg2 40. a7 Ra5 41. Kc3 Kxh3 42. Rg7 g4 43. fxg4 Kg3 44. Kb4 Ra6 45. Kb5 Ra1 46. Kb6 h3 47. g5 h2 48. Rh7 Rb1+ 49. Kc7 Rc1+ 50. Kb7 Rb1+ 51. Kc7 Ra1 52. Kb7 Rb1+ 53. Kc7 Ra1 54. Kb7 1/2-1/2

[Event "85th Tata Steel Challengers 2023"]
[Site "Wijk aan Zee"]
[Date "2023.01.20"]
[Round "6.5"]
[White "Yilmaz, Mustafa"]
[Black "Beerdsen, Thomas"]
[Result "1/2-1/2"]
[WhiteElo "2609"]
[BlackElo "2515"]
[Annotator "TA"]
[PlyCount "55"]
[EventDate "2023.01.10"]
[EventType "tourn"]
[EventCountry "NED"]
[SourceTitle "playchess.com"]
[Source "ChessBase"]
[SourceQuality "1"]

1. d4 d5 2. c4 c6 3. Nf3 Nf6 4. Nc3 e6 5. e3 Nbd7 6. Be2 Bd6 7. O-O O-O 8. b3 b6 9. Bb2 Bb7 10. Qc2 Qe7 11. a4 Rac8 12. a5 c5 13. a6 Ba8 14. Rfd1 Rfd8 15. Rac1 cxd4 16. exd4 dxc4 17. bxc4 Nf8 18. Nb5 Ng6 19. Qb3 Ne4 20. Nxd6 Qxd6 21. Bf1 Qf4 22. Qe3 Qf5 23. Re1 Qh5 24. Be2 Nd6 25. Ne5 Qh4 26. Nf3 Qh5 27. Ne5 Qh4 28. Nf3 1/2-1/2

[Event "84th Tata Steel Challengers 2022"]
[Site "Wijk aan Zee"]
[Date "2022.01.21"]
[Round "6.5"]
[White "Maurizzi, Marc`Andria"]
[Black "L'Ami, Erwin"]
[Result "1/2-1/2"]
[WhiteElo "2496"]
[BlackElo "2622"]
[Annotator "TA"]
[PlyCount "61"]
[EventDate "2022.01.15"]
[EventType "tourn"]
[EventCountry "NED"]
[SourceTitle "playchess.com"]
[Source "ChessBase"]
[SourceQuality "1"]

1. d4 Nf6 2. c4 e6 3. Nc3 Bb4 4. Nf3 b6 5. e3 O-O 6. Bd3 d5 7. cxd5 exd5 8. Bd2 Bd6 9. O-O Ba6 10. Bxa6 Nxa6 11. Qa4 Nb8 12. Ne5 Qe8 13. Qxe8 Rxe8 14. Nb5 Ne4 15. Nxd6 cxd6 16. Nf3 g5 17. Rfd1 Nd7 18. Rac1 Rac8 19. Be1 f5 20. Kf1 Kf7 21. Ng1 Nf8 22. Ne2 Ng6 23. f3 Nf6 24. Nc3 a6 25. Kf2 h5 26. Na4 Nd7 27. Nc3 Nf6 28. Na4 Nd7 29. Nc3 Ke6 30. Bd2 Nf6 31. Ne2 1/2-1/2

[Event "Tata Steel Tienkampen 2023"]
[Site "Wijk aan Zee"]
[Date "2023.01.25"]
[Round "6.5"]
[White "De Winter, Arthur"]
[Black "Culum, Sanjin"]
[Result "1-0"]
[WhiteElo "2371"]
[BlackElo "2242"]
[Annotator "TA"]
[PlyCount "75"]
[EventDate "2023.01.20"]
[EventType "swiss"]
[EventCountry "NED"]
[SourceTitle "playchess.com"]
[Source "ChessBase"]
[SourceQuality "1"]

1. e4 Nc6 2. Nc3 Nf6 3. d4 d6 4. Nf3 g6 5. h3 Bg7 6. Be3 O-O 7. Qd2 a6 8. d5 Ne5 9. Nxe5 dxe5 10. g4 e6 11. O-O-O exd5 12. exd5 Ne8 13. Be2 Nd6 14. h4 f5 15. f3 e4 16. fxe4 f4 17. Bxf4 Bxc3 18. bxc3 Nxe4 19. Qe3 Qf6 20. Bxc7 Nxc3 21. Bc4 Nxd1 22. Rxd1 Bxg4 23. Be5 Qf7 24. Rd4 Qd7 25. Rxg4 Qxg4 26. Bd4 Rac8 27. Bb3 Qf5 28. d6+ Rf7 29. Qh6 Qf1+ 30. Kb2 Rc4 31. Qe3 Kf8 32. Qe5 Rd7 33. Qh8+ Kf7 34. Qg7+ Ke6 35. Qe5+ Kf7 36. Qd5+ Ke8 37. Qe6+ Kd8 38. Qg8+ 1-0

[Event "84th Tata Steel Masters 2022"]
[Site "Wijk aan Zee"]
[Date "2022.01.21"]
[Round "6.6"]
[White "Karjakin, Sergey"]
[Black "Van Foreest, Jorden"]
[Result "1-0"]
[WhiteElo "2743"]
[BlackElo "2702"]
[Annotator "TA"]
[PlyCount "129"]
[EventDate "2022.01.15"]
[EventType "tourn"]
[EventCountry "NED"]
[SourceTitle "playchess.com"]
[Source "ChessBase"]
[SourceQuality "1"]

1. e4 e5 2. Nf3 Nc6 3. Bc4 Nf6 4. d3 Bc5 5. c3 d6 6. O-O a5 7. Re1 Ba7 8. Na3 h6 9. Nb5 Bb8 10. d4 O-O 11. h3 Re8 12. Bd3 Ne7 13. c4 Ng6 14. Be3 c6 15. Nc3 Ba7 16. Qd2 Nh5 17. Bf1 Qf6 18. d5 Bxe3 19. Qxe3 c5 20. g3 a4 21. Nd2 Qg5 22. Nb5 Rd8 23. Qxg5 hxg5 24. b4 b6 25. Rab1 Kf8 26. Re3 Ke7 27. Nc7 Ra7 28. Nb5 Ra8 29. Ra3 Bd7 30. Nc3 Ra7 31. b5 Rda8 32. Be2 Nf6 33. Kg2 Kd8 34. Rh1 Kc7 35. Bd1 Ng8 36. Rxa4 Rxa4 37. Bxa4 Nh6 38. Bd1 Ra3 39. Ndb1 Ra8 40. a4 f6 41. Nd2 Ng8 42. Nf1 N8e7 43. Ne3 Rh8 44. Bg4 Bxg4 45. Nxg4 Ra8 46. Ne3 Rh8 47. Ra1 Ra8 48. Nb1 Nf8 49. Nd2 Nd7 50. Nb3 Rh8 51. a5 bxa5 52. Rxa5 Nc8 53. Ra6 Ndb6 54. Na5 Rf8 55. Nf5 Rf7 56. h4 gxh4 57. Nxh4 Rf8 58. Kh3 Rh8 59. Kg2 Rh7 60. Ng6 Nd7 61. Nc6 Ndb6 62. Nf8 Rh8 63. Ne6+ Kd7 64. Na7 Nxc4 65. Rc6 1-0

[Event "85th Tata Steel Masters 2023"]
[Site "Wijk aan Zee"]
[Date "2023.01.20"]
[Round "6.6"]
[White "Rapport, Richard"]
[Black "Maghsoodloo, Parham"]
[Result "1/2-1/2"]
[WhiteElo "2740"]
[BlackElo "2719"]
[Annotator "TA"]
[PlyCount "66"]
[EventDate "2023.01.10"]
[EventType "tourn"]
[EventCountry "NED"]
[SourceTitle "playchess.com"]
[Source "ChessBase"]
[SourceQuality "1"]

1. e4 c5 2. Nf3 d6 3. d4 cxd4 4. Qxd4 Nf6 5. Nc3 Nc6 6. Qd3 g6 7. Nd5 Bg7 8. c3 O-O 9. Bg5 Be6 10. Be2 Qa5 11. Nxf6+ exf6 12. Be3 Rfd8 13. O-O a6 14. Nd4 Ne5 15. Qc2 Bc4 16. Rfd1 Rac8 17. Nb3 Qc7 18. Bf4 b5 19. a4 d5 20. axb5 axb5 21. exd5 Bxd5 22. Rd4 f5 23. Rad1 Be4 24. Rxd8+ Rxd8 25. Rxd8+ Qxd8 26. Qd2 Qa8 27. Bf1 Nc4 28. Qe2 h6 29. Nd2 Nxb2 30. Nxe4 Qxe4 31. Qxe4 fxe4 32. Bxb5 Bxc3 33. Bxh6 Bd4 1/2-1/2

[Event "83rd Tata Steel Masters 2021"]
[Site "Wijk aan Zee"]
[Date "2021.01.22"]
[Round "6.6"]
[White "Esipenko, Andrey"]
[Black "Giri, Anish"]
[Result "1/2-1/2"]
[WhiteElo "2677"]
[BlackElo "2764"]
[Annotator "TA"]
[PlyCount "84"]
[EventDate "2021.01.16"]
[EventType "tourn"]
[EventCountry "NED"]
[SourceTitle "playchess.com"]
[Source "ChessBase"]
[SourceQuality "1"]

1. d4 d5 2. c4 c6 3. Nf3 Nf6 4. Nc3 e6 5. e3 Nbd7 6. Qc2 Bd6 7. b3 O-O 8. Be2 b6 9. O-O Bb7 10. Bb2 Qe7 11. Rad1 Rad8 12. Rfe1 Rfe8 13. Bf1 c5 14. cxd5 exd5 15. g3 Rc8 16. Bh3 c4 17. bxc4 Rxc4 18. Nd2 Rc7 19. Qb3 a6 20. a4 h5 21. Rc1 h4 22. Ncb1 Rec8 23. Rxc7 Rxc7 24. Rc1 Rxc1+ 25. Bxc1 hxg3 26. hxg3 Bb4 27. Nc3 Qd6 28. Ndb1 Nf8 29. Ba3 Bxa3 30. Qxa3 Qc7 31. Nd2 N8h7 32. Bg2 Ng5 33. Nf3 Nge4 34. Nxe4 Nxe4 35. Ne5 Bc8 36. Qb2 Be6 37. Kh2 a5 38. Bxe4 dxe4 39. Qb5 Kf8 40. Nc6 Bd7 41. d5 f5 42. Kg2 Bxc6 1/2-1/2

[Event "85th Tata Steel Challengers 2023"]
[Site "Wijk aan Zee"]
[Date "2023.01.20"]
[Round "6.6"]
[White "Mishra, Abhimanyu"]
[Black "Tabatabaei, M. Amin"]
[Result "1/2-1/2"]
[WhiteElo "2559"]
[BlackElo "2686"]
[Annotator "TA"]
[PlyCount "157"]
[EventDate "2023.01.10"]
[EventType "tourn"]
[EventCountry "NED"]
[SourceTitle "playchess.com"]
[Source "ChessBase"]
[SourceQuality "1"]

1. d4 d5 2. Nf3 Nf6 3. c4 c6 4. e3 Bf5 5. Nc3 e6 6. Nh4 Be4 7. f3 Bg6 8. Bd2 Be7 9. Nxg6 hxg6 10. Qc2 a5 11. cxd5 Nxd5 12. Nxd5 Qxd5 13. Bc4 Qg5 14. g3 Bb4 15. O-O-O Nd7 16. f4 Qe7 17. e4 Bxd2+ 18. Rxd2 Nb6 19. Be2 a4 20. h4 a3 21. b3 Nd7 22. Kb1 Rc8 23. Qd3 Qb4 24. Rc1 O-O 25. e5 Rfd8 26. h5 Nf8 27. Qc3 Qxc3 28. Rxc3 gxh5 29. Bxh5 Nd7 30. Kc2 Nb6 31. Bf3 Na8 32. b4 Nc7 33. Be2 Nd5 34. Rb3 Ra8 35. Bf3 Nc7 36. Kd3 Ra4 37. Ke3 Rda8 38. Rdd3 R8a6 39. Be4 Kf8 40. g4 g6 41. Rdc3 Ke7 42. Kd3 Ra8 43. Rc1 Rh8 44. Rh1 Rxh1 45. Bxh1 Ra8 46. Bg2 Nb5 47. Kc4 g5 48. fxg5 Rd8 49. Rd3 Rg8 50. Kc5 Rxg5 51. Bxc6 Nd6 52. Bd5 Kd7 53. Rxa3 b6+ 54. Kxb6 Nc8+ 55. Kc5 exd5 56. Rf3 Ne7 57. Rxf7 Rg8 58. Rf6 Rxg4 59. Rd6+ Kc8 60. a4 Rg1 61. b5 Rc1+ 62. Kb6 Rc4 63. a5 Kb8 64. Rd8+ Nc8+ 65. Ka6 Rxd4 66. e6 Re4 67. Re8 Re1 68. b6 Rb1 69. Rd8 Re1 70. Re8 Rb1 71. Rf8 Re1 72. Rf6 d4 73. b7 d3 74. bxc8=Q+ Kxc8 75. Rf8+ Kc7 76. Rf7+ Kc8 77. Rf8+ Kc7 78. Rf7+ Kc8 79. Rf8+ 1/2-1/2

[Event "84th Tata Steel Challengers 2022"]
[Site "Wijk aan Zee"]
[Date "2022.01.21"]
[Round "6.6"]
[White "Van Foreest, Lucas"]
[Black "Shuvalova, Polina"]
[Result "1-0"]
[WhiteElo "2530"]
[BlackElo "2516"]
[Annotator "TA"]
[PlyCount "109"]
[EventDate "2022.01.15"]
[EventType "tourn"]
[EventCountry "NED"]
[SourceTitle "playchess.com"]
[Source "ChessBase"]
[SourceQuality "1"]

1. d4 d5 2. c4 e6 3. Nf3 Nf6 4. g3 Bb4+ 5. Bd2 Be7 6. Bg2 Nbd7 7. O-O O-O 8. Qc2 c6 9. Bf4 b6 10. Rd1 Bb7 11. Ne5 Nh5 12. Bd2 Nhf6 13. cxd5 cxd5 14. Nc6 Bxc6 15. Qxc6 Rc8 16. Qb5 Ne8 17. Qa4 Rc4 18. Qxa7 Nd6 19. e3 b5 20. Qa3 Ne4 21. Qd3 Nxd2 22. Nxd2 Rc8 23. a3 Rb8 24. Bf1 Nb6 25. b3 Nc8 26. Nf3 Qd6 27. Rdc1 Na7 28. a4 bxa4 29. bxa4 Nc6 30. a5 Nb4 31. Qa3 f6 32. a6 Ra8 33. Ne1 Rfd8 34. Qa4 Ra7 35. Rc5 Qb6 36. Ra5 Rda8 37. Nc2 Nc6 38. Rb5 Qxa6 39. Rb8+ Rxb8 40. Bxa6 Rb6 41. e4 Kf8 42. exd5 exd5 43. Qa2 Nb8 44. Qxd5 Raxa6 45. Rxa6 Nxa6 46. Ne3 Nc7 47. Qa5 Rb7 48. Qf5 Rb4 49. Qxh7 Ne6 50. Nf5 Rb5 51. Kg2 Rd5 52. h4 Kf7 53. h5 Bf8 54. Qg6+ Kg8 55. Qe8 1-0

[Event "85th Tata Steel Masters 2023"]
[Site "Wijk aan Zee"]
[Date "2023.01.20"]
[Round "6.7"]
[White "Caruana, Fabiano"]
[Black "Gukesh D"]
[Result "1-0"]
[WhiteElo "2766"]
[BlackElo "2725"]
[Annotator "TA"]
[PlyCount "71"]
[EventDate "2023.01.10"]
[EventType "tourn"]
[EventCountry "NED"]
[SourceTitle "playchess.com"]
[Source "ChessBase"]
[SourceQuality "1"]

1. d4 Nf6 2. c4 e6 3. Nf3 d5 4. Nc3 Bb4 5. Qa4+ Nc6 6. e3 O-O 7. Qc2 Ne7 8. Bd2 b6 9. a3 Bxc3 10. Bxc3 Ba6 11. b3 Rc8 12. Rd1 c5 13. dxc5 Rxc5 14. Qb2 Qc8 15. Bxf6 gxf6 16. Qxf6 Ng6 17. h4 dxc4 18. h5 Rf5 19. Qc3 Ne7 20. bxc4 f6 21. Be2 Rc5 22. Nd2 Bb7 23. Rh4 e5 24. Ne4 Bxe4 25. Rxe4 Qe6 26. Qd2 Ra5 27. Rg4+ Kf7 28. h6 Ng6 29. c5 Rxc5 30. Qd7+ Qxd7 31. Rxd7+ Kg8 32. Rxa7 Rc1+ 33. Kd2 Rh1 34. Rb4 Rxh6 35. Rxb6 Rh2 36. Rbb7 1-0

[Event "82nd Tata Steel Masters 2020"]
[Site "Wijk aan Zee"]
[Date "2020.01.17"]
[Round "6.7"]
[White "Xiong, Jeffery"]
[Black "Vitiugov, Nikita"]
[Result "1/2-1/2"]
[WhiteElo "2712"]
[BlackElo "2747"]
[Annotator "TA"]
[PlyCount "77"]
[EventDate "2020.01.11"]
[EventType "tourn"]
[EventCountry "NED"]
[SourceTitle "playchess.com"]
[Source "ChessBase"]
[SourceQuality "1"]

1. e4 e5 2. Nf3 Nc6 3. Bc4 Bc5 4. c3 Nf6 5. d3 d6 6. O-O a6 7. a4 Ba7 8. Nbd2 O-O 9. b4 h6 10. h3 Re8 11. Re1 Be6 12. Bxe6 Rxe6 13. Rb1 Qd7 14. b5 axb5 15. axb5 Ne7 16. Nc4 Ng6 17. b6 Bxb6 18. Rxb6 cxb6 19. Nxb6 Qc6 20. Nxa8 Re8 21. c4 Rxa8 22. Qb3 Ra1 23. Be3 Rxe1+ 24. Nxe1 Nd7 25. Nc2 Nc5 26. Qa3 Na6 27. Qa5 Nf8 28. Na3 Ne6 29. Nb5 Nac5 30. Qa8+ Kh7 31. Qb8 Nxd3 32. Nxd6 f6 33. Nf5 Qd7 34. Qd6 Qxd6 35. Nxd6 Ndc5 36. g4 g6 37. Ne8 Nxe4 38. f3 N4g5 39. Nxf6+ 1/2-1/2

[Event "84th Tata Steel Masters 2022"]
[Site "Wijk aan Zee"]
[Date "2022.01.21"]
[Round "6.7"]
[White "Shankland, Sam"]
[Black "Praggnanandhaa R"]
[Result "1/2-1/2"]
[WhiteElo "2708"]
[BlackElo "2612"]
[Annotator "TA"]
[PlyCount "55"]
[EventDate "2022.01.15"]
[EventType "tourn"]
[EventCountry "NED"]
[SourceTitle "playchess.com"]
[Source "ChessBase"]
[SourceQuality "1"]

1. e4 c5 2. Nf3 Nc6 3. d4 cxd4 4. Nxd4 Nf6 5. Nc3 e5 6. Ndb5 d6 7. Nd5 Nxd5 8. exd5 Ne7 9. c4 Ng6 10. Qa4 Bd7 11. Qb4 Qb8 12. h4 h5 13. Be2 a6 14. Nc3 Be7 15. g3 b5 16. cxb5 axb5 17. Nxb5 O-O 18. a4 f5 19. Bxh5 Bxb5 20. Bxg6 Bd8 21. Qb3 Ba5+ 22. Bd2 Bxd2+ 23. Kxd2 Qa7 24. Qe3 Qa5+ 25. Qc3 Qb6 26. Qe3 Qa5+ 27. Qc3 Qb6 28. Qe3 1/2-1/2

[Event "83rd Tata Steel Masters 2021"]
[Site "Wijk aan Zee"]
[Date "2021.01.22"]
[Round "6.7"]
[White "Donchenko, Alexander"]
[Black "Firouzja, Alireza"]
[Result "0-1"]
[WhiteElo "2668"]
[BlackElo "2749"]
[Annotator "TA"]
[PlyCount "86"]
[EventDate "2021.01.16"]
[EventType "tourn"]
[EventCountry "NED"]
[SourceTitle "playchess.com"]
[Source "ChessBase"]
[SourceQuality "1"]

1. d4 d5 2. c4 e6 3. Nc3 Bb4 4. Nf3 dxc4 5. e3 b5 6. a4 c6 7. Bd2 a5 8. axb5 Bxc3 9. Bxc3 cxb5 10. b3 Bb7 11. bxc4 b4 12. Bb2 Nf6 13. Bd3 O-O 14. O-O Nbd7 15. Nd2 e5 16. Bc2 Qc7 17. h3 Rfe8 18. Bb3 h6 19. Nf3 Ra6 20. Nxe5 Nxe5 21. dxe5 Nd7 22. f4 Nc5 23. Bc2 a4 24. f5 b3 25. Bb1 Raa8 26. e6 Qg3 27. Rf2 f6 28. Bd4 Ne4 29. Bxe4 Bxe4 30. Ra3 Rec8 31. c5 Kh7 32. Qd2 b2 33. Qxb2 Rab8 34. Qa2 Rb1+ 35. Rf1 Rcb8 36. Qf2 Rxf1+ 37. Kxf1 Rb1+ 38. Ke2 Qb8 39. Qf4 Qb5+ 40. Kd2 Qb4+ 41. Bc3 Qxa3 42. Qxe4 Qc1+ 43. Kd3 Qf1+ 0-1

[Event "85th Tata Steel Challengers 2023"]
[Site "Wijk aan Zee"]
[Date "2023.01.20"]
[Round "6.7"]
[White "L'Ami, Erwin"]
[Black "Warmerdam, Max"]
[Result "1-0"]
[WhiteElo "2627"]
[BlackElo "2616"]
[Annotator "TA"]
[PlyCount "99"]
[EventDate "2023.01.10"]
[EventType "tourn"]
[EventCountry "NED"]
[SourceTitle "playchess.com"]
[Source "ChessBase"]
[SourceQuality "1"]

1. d4 d5 2. c4 c6 3. Nf3 Nf6 4. e3 Bf5 5. Nc3 e6 6. Nh4 Be4 7. f3 Bg6 8. Qb3 Qc7 9. cxd5 cxd5 10. Bd2 Nc6 11. O-O-O a6 12. Nxg6 hxg6 13. Kb1 b5 14. Ne2 Na5 15. Bxa5 Qxa5 16. e4 Be7 17. Qe3 Rc8 18. Nf4 O-O 19. exd5 Bd6 20. Bd3 Bxf4 21. Qxf4 Nxd5 22. Qd2 b4 23. Ka1 Qa4 24. h4 b3 25. a3 a5 26. Kb1 Rc7 27. h5 Rfc8 28. hxg6 Rc2 29. Rh8+ Kxh8 30. gxf7 Rxb2+ 31. Kxb2 Qxd4+ 32. Kb1 Qh4 33. Rc1 Rb8 34. Qe1 Qxe1 35. Rxe1 g5 36. Rxe6 Nc3+ 37. Kc1 Rf8 38. Re8 Kg7 39. Bc4 a4 40. Kb2 Nd1+ 41. Kc1 Nf2 42. Kd2 g4 43. fxg4 Nxg4 44. Bd5 Nf2 45. Rxf8 Kxf8 46. Bc6 b2 47. Kc2 Nd1 48. Bf3 Ne3+ 49. Kxb2 Nc4+ 50. Kc3 1-0

[Event "84th Tata Steel Challengers 2022"]
[Site "Wijk aan Zee"]
[Date "2022.01.21"]
[Round "6.7"]
[White "Warmerdam, Max"]
[Black "Zhu, Jiner"]
[Result "1-0"]
[WhiteElo "2599"]
[BlackElo "2478"]
[Annotator "TA"]
[PlyCount "81"]
[EventDate "2022.01.15"]
[EventType "tourn"]
[EventCountry "NED"]
[SourceTitle "playchess.com"]
[Source "ChessBase"]
[SourceQuality "1"]

1. e4 c5 2. Nf3 Nc6 3. Bb5 g6 4. O-O Bg7 5. c3 e5 6. d4 cxd4 7. cxd4 exd4 8. Bf4 a6 9. Ba4 Nge7 10. Nbd2 b5 11. Bb3 d6 12. a4 Rb8 13. axb5 axb5 14. Ng5 O-O 15. Qf3 Rb6 16. Ra8 Ra6 17. Rxa6 Bxa6 18. Nxf7 Rxf7 19. Bxf7+ Kxf7 20. Bxd6+ Kg8 21. Qa3 Bb7 22. Nf3 h6 23. Rd1 g5 24. Bc5 Kh8 25. Qb3 Bc8 26. Qxb5 Bg4 27. Bxe7 Nxe7 28. Ne5 Be6 29. Qc5 Kh7 30. h4 g4 31. g3 Qb8 32. Nd3 Qb3 33. Rd2 Qb7 34. Nf4 Bb3 35. Kh2 Kg8 36. e5 Nc6 37. Ng6 Kh7 38. h5 Qd7 39. Qb5 Nxe5 40. Qxe5 Qc6 41. Qf5 1-0

[Event "80th Tata Steel Masters 2018"]
[Site "Wijk aan Zee"]
[Date "2018.01.20"]
[Round "7"]
[White "Carlsen, Magnus"]
[Black "Hou, Yifan"]
[Result "1-0"]
[WhiteElo "2834"]
[BlackElo "2680"]
[Annotator "TA"]
[PlyCount "109"]
[EventDate "2018.??.??"]
[EventType "tourn"]
[EventRounds "4"]
[EventCountry "NED"]
[SourceTitle "playchess.com"]
[Source "ChessBase"]
[SourceQuality "1"]

1. c4 e6 2. Nc3 d5 3. d4 Nf6 4. cxd5 Nxd5 5. e3 c5 6. Bd3 cxd4 7. exd4 Nxc3 8. bxc3 Qc7 9. Bd2 Nd7 10. Qg4 Nf6 11. Qg3 Qxg3 12. hxg3 Bd6 13. Nf3 b6 14. a4 Bb7 15. a5 Ke7 16. Ke2 Ne4 17. Be1 h6 18. c4 Nf6 19. Bc3 Be4 20. Rhb1 Bxd3+ 21. Kxd3 Nd7 22. Nd2 Rhd8 23. Ne4 Bc7 24. Bb4+ Ke8 25. f4 Rac8 26. axb6 axb6 27. Ra7 Nb8 28. Rxc7 Rxc7 29. Nd6+ Kd7 30. Nxf7 Rdc8 31. Ne5+ Ke8 32. Bd6 Rb7 33. c5 Nc6 34. Rxb6 Rxb6 35. cxb6 Nd8 36. Bc7 Ra8 37. Kc4 Nb7 38. Kb5 Ra2 39. g4 Ke7 40. g3 Nd6+ 41. Bxd6+ Kxd6 42. Nc4+ Kd7 43. Kc5 Rc2 44. f5 exf5 45. gxf5 Rf2 46. Nd6 Rg2 47. Ne4 Rb2 48. g4 Rb1 49. Nd2 Rh1 50. d5 h5 51. d6 Kc8 52. gxh5 Rxh5 53. Kc6 Kb8 54. Ne4 Rxf5 55. Nc5 1-0

[Event "80th Tata Steel Masters 2018"]
[Site "Wijk aan Zee"]
[Date "2018.01.20"]
[Round "7"]
[White "Karjakin, Sergey"]
[Black "Caruana, Fabiano"]
[Result "1-0"]
[WhiteElo "2753"]
[BlackElo "2811"]
[Annotator "TA"]
[PlyCount "91"]
[EventDate "2018.??.??"]
[EventType "tourn"]
[EventRounds "4"]
[EventCountry "NED"]
[SourceTitle "playchess.com"]
[Source "ChessBase"]
[SourceQuality "1"]

1. d4 Nf6 2. c4 e6 3. Nf3 d5 4. Nc3 a6 5. cxd5 exd5 6. Bg5 Be6 7. e3 Nbd7 8. Bd3 h6 9. Bh4 g5 10. Bg3 Nh5 11. Be5 Nhf6 12. Bg3 Nh5 13. Nd2 Nxg3 14. hxg3 Nb6 15. Qc2 Bd6 16. e4 dxe4 17. Bxe4 Qe7 18. Bxb7 Rb8 19. Bc6+ Kf8 20. O-O Qf6 21. Nf3 Kg7 22. Rfe1 Rhd8 23. Ne4 Qg6 24. d5 Nxd5 25. Bxd5 Bxd5 26. Qc3+ f6 27. Nxd6 cxd6 28. Nd4 Rd7 29. Qa5 Bf7 30. b3 Ra8 31. Rac1 d5 32. Rc7 Rxc7 33. Qxc7 Qd3 34. Ne6+ Kg6 35. Nd8 Rxd8 36. Qxd8 Qd2 37. Qe7 Qxa2 38. Re3 Qb1+ 39. Kh2 Qf5 40. Qc7 d4 41. Re7 Qd5 42. b4 Be6 43. Qb6 Bf7 44. Qxa6 d3 45. Re3 Qc4 46. Qa3 1-0